000 00510nam a2200193Ia 4500
008 131103s9999 xx 000 0 und d
020 _a0 14051 059 1
040 _aLoreto College
041 _aEnglish
082 _aREF
_bLCBED/2770
245 4 _aThe penguin World Atlas
_cEdited by Peter Hall
260 _aHarmondsworth
_bPenguin Books
_c1974
300 _a253p.
_b ill.maps
_c 20cm.
504 _aIncludes index
650 _aAtlas
700 _aHall, Peter; ed.
850 _aLCBED/REF
942 _cBK
999 _c30891
_d81370